000 01537nam a22004337a 4500
001 0024220
003 KOHA_MİRAKIL
005 20260207002434.0
007 ta
008 101112b2006 tu |||gr||||#||||0|tur |
020 _a9944770446
_c14,39
040 _aTR-BiSEU
_btur
_cTR-BiSEU
_erda
041 0 _atur
044 _ctu
050 _aB4875
_b.B65 2006
100 1 _aBolay, Süleyman Hayri.
245 1 _aFelsefe dünyasında gezintiler/
_cSüleyman Hayri Bolay ; Süleyman Hayri Bolay.
250 _a1. basım.
264 1 _aAnkara :
_bNobel Yayın Dağıtım
_c2006
300 _axxix, 428 sayfa; 24 cm.
336 _ametin
_btxt
_2rdacontent
337 _aaracısız
_bn
_2rdamedia
338 _acilt
_bnc
_2rdacarrier
490 1 _aNobel ;
_vyayın no.
490 1 _a1058.
490 1 _aFikir ve kültür eserleri ;
_v3
500 _aKaynakça var.
505 _aİnsan felsefesi -- Hürriyet ve değişim felsefesi -- Tarih felsefesi ve felsefe tarihi -- Kültür felsefesi -- Felsefi polemikler -- Kitap tanıtımları ve ansiklopedi maddeleri -- Türk felsefesi üzerine mülakat.
650 0 _aFilozoflar--Türkiye--Biyografi.
_949587
650 0 _aPhilosophers--Turkey--Biography.
_949588
650 0 _aFelsefe--Türkiye.
_923186
650 0 _aPhilosophy--Turkey.
_937399
650 0 _aFelsefe--Tarih.
_934540
650 0 _aPhilosophy--History.
_916529
830 1 _aNobel ;
_vyayın no.
_91846
830 1 _a1058.
_949589
830 1 _aFikir ve kültür eserleri ;
_v3
_949590
942 _2lcc
_cBK
999 _c24173
_d24173